Compact antennas for wireless communications and terminals :theory and design (Record no. 12000)

000 -LEADER
fixed length control field 01452cam a22002894a 4500
001 - CONTROL NUMBER
control field 16816905
005 - DATE AND TIME OF LATEST TRANSACTION
control field 20170105102353.0
008 - FIXED-LENGTH DATA ELEMENTS--GENERAL INFORMATION
fixed length control field 110608s2011 enka b 001 0 eng
010 ## - LIBRARY OF CONGRESS CONTROL NUMBER
LC control number 2011021212
020 ## - INTERNATIONAL STANDARD BOOK NUMBER
International Standard Book Number 9781848213074
040 ## - CATALOGING SOURCE
Original cataloging agency DLC
Transcribing agency DLC
Modifying agency DLC
042 ## - AUTHENTICATION CODE
Authentication code pcc
050 00 - LIBRARY OF CONGRESS CALL NUMBER
Classification number TK7871.6
Item number .C626 2011
082 00 - DEWEY DECIMAL CLASSIFICATION NUMBER
Classification number 621.384135
Edition number 23
245 00 - TITLE STATEMENT
Title Compact antennas for wireless communications and terminals :theory and design
Remainder of title theory and design
Statement of responsibility, etc. Jean-Marc Laheurte.
260 ## - PUBLICATION, DISTRIBUTION, ETC.
Place of publication, distribution, etc. London :
Name of publisher, distributor, etc. ISTE ;
Place of publication, distribution, etc. Hoboken, NJ :
Name of publisher, distributor, etc. Wiley,
Date of publication, distribution, etc. 2011.
300 ## - PHYSICAL DESCRIPTION
Extent xiii, 245 p. :
Other physical details ill. ;
Dimensions 24 cm.
504 ## - BIBLIOGRAPHY, ETC. NOTE
Bibliography, etc. note Includes bibliographical references and index.
505 0# - FORMATTED CONTENTS NOTE
Formatted contents note General information about printed antennas -- Transmission line model -- Cavity model -- Radiation of a printed antenna -- Electrical equivalent circuit of a printed antenna -- Feeding circuits for microstrip antennas -- Circularly polarized antennas -- Wideband antennas -- Miniature antennas -- Reconfigurable antennas -- Introduction to antenna diversity.
650 #0 - SUBJECT ADDED ENTRY--TOPICAL TERM
Topical term or geographic name entry element Antennas (Electronics)
General subdivision Design and construction.
650 #0 - SUBJECT ADDED ENTRY--TOPICAL TERM
Topical term or geographic name entry element Wireless communication systems.
700 1# - ADDED ENTRY--PERSONAL NAME
Personal name Laheurte, Jean-Marc.
856 42 - ELECTRONIC LOCATION AND ACCESS
Materials specified Publisher description
Uniform Resource Identifier <a href="http://www.loc.gov/catdir/enhancements/fy1114/2011021212-d.html">http://www.loc.gov/catdir/enhancements/fy1114/2011021212-d.html</a>
906 ## - LOCAL DATA ELEMENT F, LDF (RLIN)
a 7
b cbc
c orignew
d 1
e ecip
f 20
g y-gencatlg
942 ## - ADDED ENTRY ELEMENTS (KOHA)
Source of classification or shelving scheme
Koha item type Book
Holdings
Withdrawn status Lost status Damaged status Not for loan Collection code Permanent Location Current Location Shelving location Date acquired Source of acquisition Cost, normal purchase price Total Checkouts Full call number Barcode Date last seen Date last checked out Price effective from Koha item type
          Central Library (CL) Central Library (CL) General Stacks 07/03/2013 A&J Def Tek Consultants 11616.00 2 621.384135 LAH SEECS012449 01/26/2016 10/13/2015 07/10/2013 Book
© 2023 Central Library, National University of Sciences and Technology. All Rights Reserved.